003180000a2200133000450000500170000010000210001724500240003826000430006230000090010549000300011404000080014436500090015265000230016120120302064512.0 a Desai,Mrunalini a Mandukya upanishad aPune:Vivekananda kendra prakshan,2000. a36p. aPrakashachya payaghadya-2 aMar b20/- aMandukya upanishad